000 00442nam a2200181Ia 4500
001 17273
005 20260306170413.0
008 260306t2019||||xx |||||||||||||| ||und||
041 _aESP
082 _a657.61
_bG16
100 _aGálvez Kaneko, Luis E.
_eAUT
245 0 _aNIIF 16 arrendamientos:
_bel nuevo enfoque
260 _c2019
300 _a48 páginas :
_c24 cm.
650 _aGEN
654 _aCCO
942 _cLIB
_dJUS
_fJUS
_2ddc
_n
999 _c17273
_d17273